Meilleurs buteurs 2024/2025 - Football - Statistiques

Statistiques générales
  • Ce quiz a été pris 204 fois
  • Le résultat moyen est 19 sur 30
Statistiques - réponses
Club Buts Joueurs % Correct
1 Real Madrid 42 Kylian Mbappé
99%
8 Manchester City 31 Erling Haaland
98%
7 Paris Saint-Germain 33 Ousmane Dembélé
97%
3 Bayern Munich 38 Harry Kane
96%
5 Liverpool FC 34 Mohamed Salah
96%
2 FC Barcelone 42 Robert Lewandowski
90%
4 FC Barcelone 34 Raphinha
89%
6 Borussia Dortmund 34 Serhou Guirassy
84%
24 Real Madrid 20 Vinicius Junior
76%
18 Inter Milan 22 Lautaro Martínez
74%
10 Eintracht Francfort / Manchester City 28 Omar Marmoush
74%
12 Newcastle United 27 Alexander Isak
72%
23 Paris Saint-Germain 21 Bradley Barcola
71%
9 Manchester City 29 Julián Alvarez
71%
15 LOSC Lille 25 Jonathan David
69%
20 Olympique de Marseille 22 Mason Greenwood
66%
26 Atalanta Bergame 20 Ademola Lookman
63%
19 Eintracht Francfort 22 Hugo Ekitiké
56%
25 Brentford FC 20 Bryan Mbeumo
53%
30 FC Barcelone 19 Ferran Torres
52%
29 Manchester United 19 Bruno Fernandes
49%
16 Atlético Madrid 24 Alexander Sørloth
47%
13 Bayer Leverkusen 27 Patrik Schick
40%
14 Fiorentina 25 Moise Kean
39%
11 Atalanta Bergame 28 Mateo Retegui
34%
28 Nottingham Forrest 20 Chris Wood
33%
22 RB Leipzig 21 Benjamin Sesko
31%
27 Brentford FC 20 Yoane Wissa
29%
17 CA Osasuna 24 Ante Budimir
22%
21 Villarreal 22 Ayoze Pérez
7%
Aucun quiz correspondant
Distribution des résultats
% des personnes avec chaque résultat
Percentile par nombre de réponses
Votre historique - résultats
Vous n’avez pas pris ce quiz